The Gurkhas; (Record no. 552265)

000 -LEADER
fixed length control field 00904cam a22002051 4500
082 ## - DEWEY DECIMAL CLASSIFICATION NUMBER
Classification number 355.00954
Author Mark NOR
-- D
100 1# - MAIN ENTRY--PERSONAL NAME
Personal name Northey, William Brook,
9 (RLIN) 49485
245 14 - TITLE STATEMENT
Title The Gurkhas;
Remainder of title their manners, customs and country,
Statement of responsibility, etc. by Major W. Brook Northey and Captain C. J. Morris with a foreword by Brigadier-General the Hon. C. G. Bruce. With illustrations from photographs by the author and others, and a map.
260 ## - PUBLICATION, DISTRIBUTION, ETC.
Place of publication, distribution, etc. London,
Name of publisher, distributor, etc. John Lane
Date of publication, distribution, etc. [1928]
300 ## - PHYSICAL DESCRIPTION
Extent xxxvii, 282 p.
Other physical details illus., front, fold. map., plates, port.
Dimensions 23 cm.
500 ## - GENERAL NOTE
General note Chapter IV, "The people and their languages", is by Prof. R. L. Turner.
526 ## - STUDY PROGRAM INFORMATION NOTE
Program name 0
Interest level 0
Reading level 0
Title point value 355_009540000000000_NOR
650 #0 - SUBJECT ADDED ENTRY--TOPICAL TERM
Topical term or geographic name entry element Gurkhas.
9 (RLIN) 49486
650 #0 - SUBJECT ADDED ENTRY--TOPICAL TERM
Topical term or geographic name entry element Indigenous peoples
Geographic subdivision Nepal.
9 (RLIN) 49487
650 #0 - SUBJECT ADDED ENTRY--TOPICAL TERM
Topical term or geographic name entry element MCE
9 (RLIN) 379
700 1# - ADDED ENTRY--PERSONAL NAME
Personal name Bruce, Charles Granville,
9 (RLIN) 49488
700 1# - ADDED ENTRY--PERSONAL NAME
Personal name Morris, John,
9 (RLIN) 49489
700 1# - ADDED ENTRY--PERSONAL NAME
Personal name Turner, R. L.
9 (RLIN) 49490
942 ## - ADDED ENTRY ELEMENTS (KOHA)
Source of classification or shelving scheme
Koha item type Book
Holdings
Withdrawn status Lost status Source of classification or shelving scheme Damaged status Not for loan Permanent Location Current Location Shelving location Date acquired Total Checkouts Full call number Barcode Date last seen Price effective from Koha item type
          Military College of Engineering (MCE) Military College of Engineering (MCE)   01/13/2015   355.00954 NOR MCE-ECG/4 01/13/2015 01/13/2015 Book
© 2023 Central Library, National University of Sciences and Technology. All Rights Reserved.